Piłkarze Brighton - nagła śmierć - Statystyki

Ogólne statystyki
  • Ten quiz został rozwiązany 105 razy
  • Średni wynik to 10 z 14
Answers on the Grid
Answers color-coded by a green-red scale on the quiz's grid according to % correct below.
Jakub Moder
Dominik Szoboszlai
Alexis Mac Allister
Raphinha
Jan Bednarek
Moisés Caicedo
Rafael Leão
Jamie Vardy
Ansu Fati
Bartosz Kapustka
Marc Cucurella
Adama Traoré
Jules Koundé
Kaoru Mitoma
Frank Lampard
João Pedro
Deniz Undav
Pierre-Emerick Aubameyang
Leandro Trossard
Jesse Lingard
Youssoufa Moukoko
Adam Lallana
Shinji Kagawa
Danny Welbeck
Sławomir Peszko
César Azpilicueta
Pervis Estupiñán
Fikayo Tomori
 
Statystyki odpowiedzi
Odpowiedź % Poprawnych
Jakub Moder
99%
Alexis Mac Allister
93%
Moisés Caicedo
86%
Ansu Fati
80%
Kaoru Mitoma
76%
Danny Welbeck
74%
Adam Lallana
70%
Pervis Estupiñán
70%
João Pedro
68%
Leandro Trossard
67%
Marc Cucurella
67%
Deniz Undav
65%
Fikayo Tomori
27%
Jesse Lingard
23%
Nie znaleziono quizów pasujących do podanych kryteriów
Rozkład punktacji
Procent ludzi z każdym wynikiem
Percentyl według liczby udzielonych odpowiedzi
Twoja historia wyników
Nie rozwiązałeś tego quizu